01679 a2200193 4500001000700000020001800007040003200025100001800057245005100075300002000126362000900146520121900155650001601374650001301390650001101403650002701414650002301441650002101464125296 a9780439865173 cEscola Canadense de Niteroi aPeck, Richard10aThe Teacher's Funeral: a comedy in three parts c5 x 0.75 x 8.5 0 a2006 a"If your teacher has to die, August isn't a bad time of year for it," begins Richard Peck's latest novel, a book full of his signature wit and sass. Russell Culver is fifteen in 1904, and he's raring to leave his tiny Indiana farm town for the endless sky of the Dakotas. To him, school has been nothing but a chain holding him back from his dreams. Maybe now that his teacher has passed on, they'll shut the school down entirely and leave him free to roam. No such luck. Russell has a particularly eventful season of schooling ahead of him, led by a teacher he never could have predicted--perhaps the only teacher equipped to control the likes of him: his sister Tansy. Despite stolen supplies, a privy fire, and more than any classroom's share of snakes, Tansy will manage to keep that school alive and maybe, just maybe, set her brother on a new, wiser course. As he did in A Long Way from Chicago and A Year Down Yonder, Richard Peck creates a whole world of folksy, one-of-a-kind characters here--the enviable and the laughable, the adorably meek and the deliciously terrifying. There will be no forgetting Russell, Tansy, and all the rest who populate this hilarious, shrewd, and thoroughly enchanting novel. 4aFamily Life 4aTeachers 4aSchool 4aYoung Adult Literature 4aHistorical Fiction 4aHumorous stories